000 00542 a2200133 4500
082 _aBIT-5
100 _aWajid Ali Khan
_992193
245 _aHandheld Device Based Desktop Control System using Bluetooth [Project BIT5]
_cWajid Ali Khan
260 _aIslamabad,
_bNUST School of Electrical Engineering & Computer Science,
_c2007.
300 _aix, 62 p. :
_bill. ;
_c27 cm. +
_eCD-ROM
500 _aSupervisors : Mr. Ali Sajjad, Mr. Saad Liaquat Kiyani.
856 _uhttp://10.250.8.41:8080/xmlui/handle/123456789/9218
942 _cPR
_kBIT-5 WAJ
_2ddc
999 _c9126
_d9126